000 00826nam a22003130a 4500
001 PT62363
003 AR-LpoUNG
005 20210131232106.0
008 191001s2019||||ag |||||||||||||||||spa d
020 _a9789876847636
_c$54.46
040 _aAR-LpoUNG
_bspa
_cAR-LpoUNG
_eaacr
041 _aspa
044 _aag
082 0 _aR467.982 168dic
245 1 0 _aDiccionario de la lengua de la Argentina
250 _a1ra. ed.
260 _aBuenos Aires :
_bColihue,
_c2019.
300 _alxxxi, 709 p. :
_btbls.
650 4 _aARGENTINA
650 4 _aDICCIONARIOS
650 4 _aLEXICOGRAFIA
650 4 _aMATERIAL DE REFERENCIA
650 4 _aTERMINOLOGIA
651 4 _aDOCUMENTOS TEORICOS O METODOLOGICOS
653 _aLUNFARDO
710 2 _aAcademia Argentina de Letras
905 _a62363
942 _cLSALA
999 _c13726
_d13726